| 000 | 01082nam a2200265 a 4500 | ||
|---|---|---|---|
| 001 | 36663 | ||
| 003 | BD-RjUL | ||
| 005 | 20211209052521.0 | ||
| 008 | 140806s1986 dcu b 101 0 eng | ||
| 020 | _a0309036275 (pbk.) | ||
| 035 | _a(BD-RjUL)36764 | ||
| 040 |
_aDLC _cDLC _dDLC _dBD-RjUL _beng |
||
| 041 | _aeng | ||
| 082 | 0 | 0 |
_a363.78 _219 _bPES 1986 |
| 245 | 0 | 0 |
_aPesticide resistance : _bstrategies and tactics for management / _cCommittee on Strategies for the Management of Pesticide Resistant Pest Populations, Board on Agriculture, National Research Council. |
| 260 |
_aWashington, D.C. : _bNational Academy Press, _c1986. |
||
| 300 |
_axi, 471 p. ; _c23 cm. |
||
| 500 | _aContains papers from a symposium held in Washington, Nov. 27-29, 1984. | ||
| 504 | _aIncludes bibliographies and index. | ||
| 650 | 0 |
_aPesticide resistance _xCongresses. _9111788 |
|
| 710 | 2 |
_aNational Research Council (U.S.). _bCommittee on Strategies for the Management of Pesticide Resistant Pest Populations. _9111789 |
|
| 942 |
_2ddc _cBK |
||
| 999 |
_c36663 _d36663 |
||